000 01044 a2200337 4500
001 OB-iheal-2833
003 FrMaCLE
005 20251214082645.0
007 cu ||||||m||||
008 150319e||||||||xx |||||s|||||||||0|fr|d
020 _a978-2-37154-002-6
024 7 _a10.4000/books.iheal.2833
_2doi
040 _aFR-FrMaCLE
041 _afra
100 1 _aMusset, Alain
245 1 4 _aLes littoraux latino-américains :
_bTerres à découvrir /
_cAlain Musset, Violette Brustlein-Waniez.
260 _aParis :
_bÉditions de l’IHEAL,
_c2015.
300 _a184 p.
500 _aEbook
540 _aOpenEdition Books License
_uhttps://www.openedition.org/12554
650 4 _aEconomics
650 4 _aGeography
650 4 _aLittoraux
650 4 _aGéographie humaine
650 4 _aPorts
650 4 _aConditions économiques
700 1 _aBrustlein-Waniez, Violette
760 0 _x2780-4283
776 _z978-2-907163-98-9
856 4 _eMusset, Alain
_uhttps://books.openedition.org/iheal/2833
_yLes littoraux latino-américains
999 _c6556
_d6556